Statistics for The BFG (2016 film) Characters Quiz

Click here to take the quiz!

General Stats

  • This quiz has been taken 20 times
  • The average score is 7 of 15

Answer Stats

Actor/ActressDescriptionCharacter% Correct
Mark RylanceA 24 ft. elderly benevolent giantThe BFG
100%
Penelope WiltonThe Queen of the United KingdomQueen Elizabeth II
85%
Ruby BarnhillAn orphan who befriends the BFGSophie
85%
Rebecca HallThe Queen's maidMary
62%
Jemaine ClementA 54 ft. giant who is the de facto leader of the man-eating giantsFleshlumpeater
46%
Bill HaderA 43 ft. man-eating giant who is the Fleshlumpeater's advisorBloodbottler
38%
Daniel BaconA dark-skinned, bald-headed man-eating giantBonecruncher
31%
Jonathan HolmesA man-eating giant who is Meatdripper's best friendChildchewer
31%
Chris GibbsA burly, bearded 39 ft. man-eating giant who wears a helmetGizzardgulper
31%
Ólafur Darri ÓlafssonA small-headed man-eating giantMaidmasher
31%
Adam GodleyA very tall and slim man-eating giant that wears a vest and shortsManhugger
31%
Paul Moniz de SaA man-eating giantMeatdripper
31%
Rafe SpallThe Queen's butlerMr. Tibbs
31%
Michael AdamthwaiteA chubby and immature man-eating giant who wears clothes made from circus tents and is known for collecting carsButcher Boy
23%
Marilyn NorryThe head of the orphanage where Sophie was livingMrs. Clonkers
15%

Score Distribution

Percentile by Number Answered

Percent of People with Each Score

Your Score History

You have not taken this quiz